| 000 | 00873nam a22002177a 4500 | ||
|---|---|---|---|
| 999 |
_c63339 _d63339 |
||
| 005 | 20240530110635.0 | ||
| 008 | 170923s2015 ua a g b 000 0 ara d | ||
| 017 |
_a23508 _bمصر. دار الكتب |
||
| 020 | _a9789773686789 | ||
| 040 |
_aEG-CaGPL _cEG-CaGPL |
||
| 082 | 0 | 4 |
_221 _a371.33\ _bم ت |
| 100 | 0 | _aمى احمد شمندى ياسين . | |
| 245 | 1 | 2 |
_aالتدريب التشاركى عن بعد بمركز مصادر التعلم : _bالمفاهيم : الاساليب : التطبيقات / _cتاليف مى احمد شمندى ياسين . |
| 250 | _aط.1 | ||
| 260 |
_aالاسكندرية : _bمؤسسة حورس الدولية _c2015 . |
||
| 300 |
_a291 ص ؛ _c24 سم . |
||
| 650 | 0 | 7 |
_2qrmak _aالتعلم عن بعد . |
| 650 | 0 | 7 |
_2qrmak _aمراكز المعلومات . |
| 942 |
_2ddc _cBK |
||